[Event "UAE President Cup"]
[Site "Abu Dhabi"]
[Date "2012.07.04"]
[Round "8"]
[White "Saleh, Naif"]
[Black "Ibrahim, Ismail"]
[Result "1-0"]
[WhiteElo "1790"]
[BlackElo "2147"]
[PlyCount "137"]
[EventDate "2012.06.28"]
[EventType "swiss"]
[EventRounds "9"]
[EventCountry "UAE"]
[SourceTitle "CBM 149 Extra"]
[Source "ChessBase"]
[SourceDate "2012.08.24"]
[SourceVersion "1"]
[SourceVersionDate "2012.08.24"]
[SourceQuality "1"]

1. d4 Nf6 2. Nf3 g6 3. Bf4 Bg7 4. e3 c5 5. c3 cxd4 6. cxd4 Qb6 7. Qc1 0-0 8. Nc3 Nc6 9. Bd3 d6 10. h3 Re8 11. Bh2 e5 12. dxe5 dxe5 13. Be2 Bf5 14. 0-0 Rac8 15. Rd1 Ne4 16. Nxe4 Bxe4 17. Rd2 Nd4 18. Qd1 Bc2 19. Qe1 Nxe2+ 20. Qxe2 Qxb2 21. Rf1 Rc5 22. Ne1 Rec8 23. Nxc2 Rxc2 24. Rxc2 Qxc2 25. Qb5 Qc6 26. Qa5 Qc5 27. Qxc5 Rxc5 28. Rd1 f5 29. Bg3 Ra5 30. Rd8+ Bf8 31. Rb8 b6 32. Re8 Kf7 33. Rxe5 Rxa2 34. Rd5 a5 35. Rb5 Bc5 36. Bc7 Ra1+ 37. Kh2 a4 38. Bxb6 Bxb6 39. Rxb6 Ke7 40. Ra6 Kd7 41. g4 a3 42. gxf5 gxf5 43. Kg3 Kc7 44. Kf4 Rf1 45. f3 Rh1 46. Kxf5 Rxh3 47. Ke4 h5 48. Rxa3 Rh1 49. Rd3 h4 50. f4 h3 51. Kf3 Rg1 52. Rd2 Rf1+ 53. Kg3 Re1 54. Kxh3 Rxe3+ 55. Kg4 Re8 56. f5 Rg8+ 57. Kh5 Rg1 58. f6 Kc6 59. f7 Rf1 60. Kg6 Rg1+ 61. Kh7 Rf1 62. Kg8 Rg1+ 63. Kf8 Kc7 64. Re2 Kd7 65. Re7+ Kd8 66. Re6 Kd7 67. Rh6 Rg2 68. Rh7 Ra2 69. Kg8 1-0

[Event "UAE President Cup"]
[Site "Abu Dhabi"]
[Date "2012.07.03"]
[Round "7"]
[White "Ibrahim, Ismail"]
[Black "Salem, AR Saleh"]
[Result "0-1"]
[WhiteElo "2147"]
[BlackElo "2528"]
[PlyCount "48"]
[EventDate "2012.06.28"]
[EventType "swiss"]
[EventRounds "9"]
[EventCountry "UAE"]
[SourceTitle "CBM 149 Extra"]
[Source "ChessBase"]
[SourceDate "2012.08.24"]
[SourceVersion "1"]
[SourceVersionDate "2012.08.24"]
[SourceQuality "1"]

1. e4 g6 2. d4 Bg7 3. Nc3 d6 4. Be3 a6 5. Qd2 b5 6. Bd3 Bb7 7. Nf3 Nd7 8. a4 b4 9. Ne2 c5 10. c3 Ngf6 11. Ng3 bxc3 12. bxc3 Qa5 13. Rb1 Rb8 14. h3 0-0 15. 0-0 Rfd8 16. Bh6 Bxh6 17. Qxh6 Qxc3 18. Nh4 Qxd3 19. Nhf5 gxf5 20. Nxf5 Ne8 21. Qg5+ Kh8 22. Rxb7 f6 23. Rxb8 Rxb8 24. Qg4 e6 0-1

[Event "Golden Sands Europe op 1st"]
[Site "Golden Sands"]
[Date "2012.06.11"]
[Round "8"]
[White "Shalamberidze, Akaki"]
[Black "Ibrahim, Ismail"]
[Result "1-0"]
[WhiteElo "2333"]
[BlackElo "2147"]
[PlyCount "45"]
[EventDate "2012.06.04"]
[EventType "swiss"]
[EventRounds "9"]
[EventCountry "BUL"]
[SourceTitle "CBM 148 Extra"]
[Source "ChessBase"]
[SourceDate "2012.06.22"]
[SourceVersion "1"]
[SourceVersionDate "2012.06.22"]
[SourceQuality "1"]

1. c4 Nf6 2. Nc3 d5 3. cxd5 Nxd5 4. g3 g6 5. Bg2 Nb6 6. h4 Bg7 7. h5 Nc6 8. d3 Bg4 9. h6 Be5 10. Nf3 Bd6 11. Ne4 Bb4+ 12. Kf1 e5 13. a3 Be7 14. b4 0-0 15. Bb2 Nd4 16. Nxd4 exd4 17. Rc1 f5 18. Qb3+ Kh8 19. Nc5 f4 20. gxf4 Qd6 21. e3 Rxf4 22. exf4 Rf8 23. Ne4 1-0

[Event "Golden Sands Europe op 1st"]
[Site "Golden Sands"]
[Date "2012.06.04"]
[Round "1"]
[White "Ibrahim, Ismail"]
[Black "Carlsson, Pontus"]
[Result "0-1"]
[WhiteElo "2147"]
[BlackElo "2531"]
[PlyCount "70"]
[EventDate "2012.06.04"]
[EventType "swiss"]
[EventRounds "9"]
[EventCountry "BUL"]
[SourceTitle "CBM 148 Extra"]
[Source "ChessBase"]
[SourceDate "2012.06.22"]
[SourceVersion "1"]
[SourceVersionDate "2012.06.22"]
[SourceQuality "1"]

1. e4 c5 2. c3 d5 3. exd5 Qxd5 4. d4 Nf6 5. Nf3 g6 6. Be2 Bg7 7. dxc5 Qxc5 8. Be3 Qc7 9. Na3 Nc6 10. Nb5 Qb8 11. 0-0 0-0 12. h3 a6 13. Nbd4 Nd5 14. Bg5 h6 15. Bh4 e5 16. Bg3 Nf4 17. Bxf4 exf4 18. Nxc6 bxc6 19. Qd2 Be6 20. Rfd1 a5 21. Qc2 c5 22. Bd3 a4 23. Nd2 Rd8 24. Nc4 f3 25. g3 h5 26. h4 g5 27. hxg5 h4 28. Kh2 Qc7 29. Re1 Rd5 30. Bh7+ Kh8 31. Qe4 hxg3+ 32. fxg3 Re8 33. Qxf3 Rxg5 34. Ne3 Rxg3 35. Qxg3 Be5 0-1

[Event "Canadian op 48th"]
[Site "Toronto"]
[Date "2011.07.16"]
[Round "8"]
[White "Ibrahim, Ismail"]
[Black "Pedersen, Rick"]
[Result "1-0"]
[WhiteElo "2110"]
[BlackElo "1985"]
[PlyCount "50"]
[EventDate "2011.07.09"]
[EventType "swiss"]
[EventRounds "9"]
[EventCountry "CAN"]
[SourceTitle "EXT 2022"]
[Source "ChessBase"]
[SourceDate "2021.10.06"]
[SourceVersion "1"]
[SourceVersionDate "2021.10.06"]
[SourceQuality "1"]

1. e4 d6 2. d4 Nf6 3. Nc3 g6 4. f4 Bg7 5. Nf3 0-0 6. Be2 Nc6 7. 0-0 Bg4 8. Be3 Nd7 9. Ng5 Bxe2 10. Nxe2 e5 11. c3 Qe8 12. Ng3 Rd8 13. h4 h6 14. Nh3 exd4 15. cxd4 Nf6 16. Qf3 Nh5 17. Nxh5 Nxd4 18. Qf2 Qxe4 19. Nxg7 Nc2 20. Rae1 Nxe1 21. Rxe1 Qb4 22. Bd4 c5 23. Bf6 Rc8 24. f5 d5 25. Nf4 Rfd8 1-0

[Event "Canadian op 48th"]
[Site "Toronto"]
[Date "2011.07.12"]
[Round "4"]
[White "Ibrahim, Ismail"]
[Black "Luo, Zhao Yang"]
[Result "1-0"]
[WhiteElo "2110"]
[BlackElo "1894"]
[PlyCount "85"]
[EventDate "2011.07.09"]
[EventType "swiss"]
[EventRounds "9"]
[EventCountry "CAN"]
[SourceTitle "EXT 2022"]
[Source "ChessBase"]
[SourceDate "2021.10.06"]
[SourceVersion "1"]
[SourceVersionDate "2021.10.06"]
[SourceQuality "1"]

1. e4 c6 2. d4 d5 3. exd5 cxd5 4. Bd3 Nf6 5. Nf3 Bg4 6. h3 Bh5 7. Nbd2 e6 8. Nf1 Bd6 9. c3 Qc7 10. Be3 Nc6 11. N1d2 0-0 12. 0-0 e5 13. dxe5 Nxe5 14. Be2 Rfe8 15. Nxe5 Bxe2 16. Qxe2 Bxe5 17. Qd3 Rad8 18. Nf3 Ne4 19. Nxe5 Qxe5 20. Bxa7 Qg5 21. Be3 Qg6 22. Rad1 Re5 23. f3 Nd6 24. Qxg6 hxg6 25. Bf4 Rf5 26. Bxd6 Rxd6 27. Rfe1 Rb6 28. Re8+ Kh7 29. Rd2 Ra6 30. a3 Rb6 31. Kf2 Rb3 32. Rd8 Re5 33. Ra8 Re6 34. Ra4 Reb6 35. Rb4 R3xb4 36. axb4 Rb5 37. Ke3 Kh6 38. Kd4 Kg5 39. g3 f5 40. Re2 Kf6 41. Re5 Kg5 42. f4+ Kh5 43. b3 1-0

[Event "Olympiad-39"]
[Site "Khanty-Mansiysk"]
[Date "2010.09.23"]
[Round "3.4"]
[White "Ibrahim, Ismail"]
[Black "Mathews, Cesar"]
[Result "1/2-1/2"]
[WhiteElo "2105"]
[BlackElo "1960"]
[PlyCount "91"]
[EventDate "2010.09.21"]
[EventType "team-swiss"]
[EventRounds "11"]
[EventCountry "RUS"]
[SourceTitle "CBM 139"]
[Source "ChessBase"]
[SourceDate "2010.11.18"]
[SourceVersion "1"]
[SourceVersionDate "2010.11.18"]
[SourceQuality "1"]
[WhiteTeam "United Arab Emirates"]
[BlackTeam "Panama"]
[WhiteTeamCountry "UAE"]
[BlackTeamCountry "PAN"]

1. e4 e5 2. Nf3 Nc6 3. Bc4 Bc5 4. b4 Bxb4 5. c3 Ba5 6. d4 exd4 7. Qb3 Qe7 8. 0-0 Bb6 9. cxd4 Nxd4 10. Nxd4 Bxd4 11. Nc3 Nf6 12. Nb5 Bxa1 13. Nxc7+ Kd8 14. Nxa8 Bd4 15. Bf4 Nxe4 16. Bxf7 Qc5 17. Qf3 d5 18. Rc1 Bc3 19. Be3 d4 20. Qxe4 dxe3 21. Qd3+ Qd4 22. Rxc3 exf2+ 23. Kf1 Qxd3+ 24. Rxd3+ Ke7 25. Bc4 Bf5 26. Rf3 g6 27. Nc7 Rc8 28. Nd5+ Kd6 29. Bb3 Be4 30. Rf6+ Ke5 31. Re6+ Kd4 32. Nf6 Bf5 33. Re7 Rf8 34. Rf7 Rxf7 35. Bxf7 Ke3 36. Nd5+ Kd4 37. Kxf2 b5 38. Ne7 Be4 39. g4 a5 40. Be8 Bb1 41. Bxb5 Bxa2 42. Ba4 Kc5 43. Nc6 Bd5 44. Ne7 Be6 45. g5 Kd6 46. Nc6 1/2-1/2

[Event "Abu Dhabi op 20th"]
[Site "Abu Dhabi"]
[Date "2010.08.16"]
[Round "5"]
[White "Ibrahim, Ismail"]
[Black "Faisal, Abdulla Kashwani"]
[Result "1-0"]
[WhiteElo "2157"]
[BlackElo "2282"]
[PlyCount "83"]
[EventDate "2010.08.12"]
[EventType "swiss"]
[EventRounds "9"]
[EventCountry "UAE"]
[SourceTitle "CBM 137 Extra"]
[Source "ChessBase"]
[SourceDate "2010.09.01"]
[SourceVersion "1"]
[SourceVersionDate "2010.09.01"]
[SourceQuality "1"]

1. Nf3 c5 2. g3 Nc6 3. Bg2 g6 4. d4 cxd4 5. Nxd4 Bg7 6. Nxc6 bxc6 7. 0-0 Nf6 8. c4 0-0 9. Nc3 Rb8 10. Rb1 c5 11. Bf4 d6 12. Qd2 Bf5 13. e4 Be6 14. b3 Ng4 15. f3 Ne5 16. Bh6 Nc6 17. Bxg7 Kxg7 18. Ne2 Qa5 19. Qxa5 Nxa5 20. f4 f6 21. Rfe1 Bg4 22. Nc3 Nc6 23. e5 Nd4 24. exd6 exd6 25. Re7+ Rf7 26. Rbe1 Kf8 27. Nd5 Nc6 28. Rxf7+ Kxf7 29. Nxf6 Kxf6 30. Bxc6 Rd8 31. Kg2 Bd7 32. Bd5 h6 33. h3 a5 34. g4 Rb8 35. Kg3 a4 36. bxa4 Rb2 37. h4 g5 38. fxg5+ hxg5 39. Rf1+ Kg6 40. h5+ Kh6 41. Rf6+ Kh7 42. Rf7+ 1-0

[Event "Abu Dhabi op 20th"]
[Site "Abu Dhabi"]
[Date "2010.08.12"]
[Round "1"]
[White "Ibrahim, Ismail"]
[Black "Sarwat, Walaa"]
[Result "1/2-1/2"]
[WhiteElo "2157"]
[BlackElo "2379"]
[PlyCount "97"]
[EventDate "2010.08.12"]
[EventType "swiss"]
[EventRounds "9"]
[EventCountry "UAE"]
[SourceTitle "CBM 137 Extra"]
[Source "ChessBase"]
[SourceDate "2010.09.01"]
[SourceVersion "1"]
[SourceVersionDate "2010.09.01"]
[SourceQuality "1"]

1. e4 e5 2. Nf3 Nc6 3. Bc4 Nf6 4. Ng5 d5 5. exd5 b5 6. Bxb5 Qxd5 7. Nc3 Qxg2 8. Qf3 Qxf3 9. Nxf3 Bd7 10. 0-0 Bd6 11. Re1 0-0 12. Bxc6 Bxc6 13. Nxe5 Rfe8 14. d4 Re6 15. Bf4 Bb7 16. Bg3 Bb4 17. Nd3 Bxc3 18. Rxe6 Bxb2 19. Rb1 fxe6 20. Rxb2 Bd5 21. Bxc7 Ne4 22. Ne5 Nc3 23. Ba5 Ne2+ 24. Kf1 Nxd4 25. c4 Be4 26. c5 Nc6 27. Nxc6 Bxc6 28. Bc7 Kf7 29. Ke2 g5 30. Ke3 Ke7 31. Bd6+ Kd7 32. Rb4 Rg8 33. Rb3 a5 34. Rb6 a4 35. a3 Rg7 36. Ra6 Rf7 37. Ra7+ Ke8 38. Rxf7 Kxf7 39. Kd4 Kf6 40. Kc4 e5 41. Kb4 Ke6 42. Ka5 Kd5 43. Kb6 Be8 44. Be7 h6 45. Bf8 h5 46. Be7 g4 47. Bh4 Bd7 48. Bg3 e4 49. Bh4 1/2-1/2

[Event "Asia Cities-ch 16th"]
[Site "Beirut"]
[Date "2009.04.19"]
[Round "5.5"]
[White "Ibrahim, Ismail"]
[Black "Gameel, Mohamed"]
[Result "1-0"]
[WhiteElo "2127"]
[BlackElo "2190"]
[PlyCount "57"]
[EventDate "2009.04.16"]
[EventType "team-swiss"]
[EventRounds "9"]
[EventCountry "LBN"]
[SourceTitle "EXT 2020"]
[Source "ChessBase"]
[SourceDate "2019.10.17"]
[SourceVersion "1"]
[SourceVersionDate "2019.10.17"]
[SourceQuality "1"]
[WhiteTeam "Abu Dhabi"]
[BlackTeam "Sanaa"]
[WhiteTeamCountry "UAE"]
[BlackTeamCountry "YEM"]

1. e4 e5 2. Nf3 Nc6 3. Bc4 Bc5 4. b4 Bxb4 5. c3 Ba5 6. d4 exd4 7. Qb3 Qe7 8. 0-0 d3 9. e5 Bb6 10. Ba3 Na5 11. Qa4 c5 12. Bxd3 Nh6 13. Qf4 0-0 14. Ng5 f5 15. exf6 Rxf6 16. Bxh7+ Kh8 17. Qh4 d5 18. Nd2 Bf5 19. Rfe1 Qd7 20. Bxf5 Qxf5 21. c4 Rg6 22. f4 Qd3 23. Qh5 Rf6 24. Bb2 d4 25. Re8+ Rf8 26. Rae1 Raxe8 27. Rxe8 Kg8 28. Ne6 Qe3+ 29. Kf1 1-0

[Event "Asia Cities-ch 16th"]
[Site "Beirut"]
[Date "2009.04.17"]
[Round "2.2"]
[White "Sakr, Nassim"]
[Black "Ibrahim, Ismail"]
[Result "1/2-1/2"]
[WhiteElo "2128"]
[BlackElo "2127"]
[PlyCount "72"]
[EventDate "2009.04.16"]
[EventType "team-swiss"]
[EventRounds "9"]
[EventCountry "LBN"]
[SourceTitle "EXT 2020"]
[Source "ChessBase"]
[SourceDate "2019.10.17"]
[SourceVersion "1"]
[SourceVersionDate "2019.10.17"]
[SourceQuality "1"]
[WhiteTeam "Furn El Chebbak area"]
[BlackTeam "Abu Dhabi"]
[WhiteTeamCountry "LBN"]
[BlackTeamCountry "UAE"]

1. Nf3 d5 2. c4 e6 3. e3 Nf6 4. b3 Nbd7 5. Bb2 Nc5 6. d4 Nce4 7. Nbd2 Be7 8. Be2 0-0 9. 0-0 b6 10. Nxe4 Nxe4 11. Nd2 Nf6 12. Bf3 Bb7 13. Qc2 c5 14. Rad1 Rc8 15. dxc5 Bxc5 16. Rfe1 Qe7 17. Qb1 Ba3 18. cxd5 exd5 19. Bxa3 Qxa3 20. Rc1 Rfd8 21. h3 h6 22. Red1 Rc5 23. Nc4 Qb4 24. Ne5 Rxc1 25. Rxc1 Qd6 26. Qf5 Re8 27. Nd3 Ba6 28. Rd1 d4 29. exd4 Qxd4 30. Nf4 Qc3 31. Nd5 Re1+ 32. Rxe1 Qxe1+ 33. Kh2 Nxd5 34. Bxd5 Qe7 35. f4 Bb7 36. Bxb7 Qxb7 1/2-1/2

[Event "Asia Cities-ch 16th"]
[Site "Beirut"]
[Date "2009.04.16"]
[Round "1.10"]
[White "Ibrahim, Ismail"]
[Black "Said, Mahmoud"]
[Result "1-0"]
[WhiteElo "2127"]
[BlackElo "1908"]
[PlyCount "73"]
[EventDate "2009.04.16"]
[EventType "team-swiss"]
[EventRounds "9"]
[EventCountry "LBN"]
[SourceTitle "EXT 2020"]
[Source "ChessBase"]
[SourceDate "2019.10.17"]
[SourceVersion "1"]
[SourceVersionDate "2019.10.17"]
[SourceQuality "1"]
[WhiteTeam "Abu Dhabi"]
[BlackTeam "Gaza"]
[WhiteTeamCountry "UAE"]
[BlackTeamCountry "PLE"]

1. e4 b6 2. d4 Bb7 3. Bd3 g6 4. Nf3 Bg7 5. 0-0 e6 6. c4 d6 7. Nc3 Ne7 8. Re1 0-0 9. Bc2 Nd7 10. Qe2 a6 11. Bf4 Re8 12. Rad1 Nf8 13. Qd2 c6 14. Bh6 b5 15. Bxg7 Kxg7 16. c5 d5 17. Qf4 Qb8 18. e5 Ng8 19. Re3 Re7 20. h4 Qe8 21. h5 Bc8 22. Ng5 Raa7 23. Rh3 h6 24. Nf3 a5 25. Rg3 a4 26. Nh4 g5 27. Nf3 Nh7 28. Qe3 f5 29. exf6+ Ngxf6 30. Bg6 Qd8 31. Ne5 Qc7 32. f4 Kh8 33. Bxh7 Kxh7 34. fxg5 Nxh5 35. Rh3 Ng7 36. g6+ Kg8 37. Qxh6 1-0

[Event "Arcapita op"]
[Site "Manama"]
[Date "2009.02.01"]
[Round "8"]
[White "Ortiz, Waldemar"]
[Black "Ibrahim, Ismail"]
[Result "1/2-1/2"]
[WhiteElo "2151"]
[BlackElo "2109"]
[PlyCount "69"]
[EventDate "2009.01.24"]
[EventType "swiss"]
[EventRounds "9"]
[EventCountry "BHN"]
[SourceTitle "CBM 128 Extra"]
[Source "ChessBase"]
[SourceDate "2009.03.05"]
[SourceVersion "2"]
[SourceVersionDate "2009.03.25"]
[SourceQuality "1"]

1. d4 d5 2. Nf3 c6 3. c4 e6 4. g3 Nf6 5. Qc2 dxc4 6. Qxc4 Be7 7. Bg2 0-0 8. 0-0 b5 9. Qc2 Bb7 10. b3 Nbd7 11. Bb2 c5 12. Nbd2 Rc8 13. Qd3 a6 14. Rac1 Qb6 15. e3 Rfd8 16. Qb1 Qa7 17. Rfd1 Qa8 18. Ba3 Bf8 19. Bb2 h6 20. Qa1 Ne4 21. Nxe4 Bxe4 22. Nh4 Bxg2 23. Nxg2 Nb6 24. dxc5 Rxc5 25. Rxc5 Rxd1+ 26. Qxd1 Bxc5 27. Nf4 Qe4 28. Qd8+ Kh7 29. Bxg7 Kxg7 30. Nh5+ Kg6 31. Qf6+ Kxh5 32. Qxf7+ Kg5 33. Qg7+ Kh5 34. Qf7+ Kg5 35. Qg7+ 1/2-1/2

[Event "Fujairah President Cup"]
[Site "Fujairah"]
[Date "2007.12.31"]
[Round "6"]
[White "Ibrahim, Ismail"]
[Black "Khouri, Ibrahim Mohamed"]
[Result "1-0"]
[WhiteElo "2170"]
[BlackElo "2104"]
[PlyCount "81"]
[EventDate "2007.12.26"]
[EventType "swiss"]
[EventRounds "9"]
[EventCountry "UAE"]
[SourceTitle "CBM 122 Extra"]
[Source "ChessBase"]
[SourceDate "2008.03.04"]
[SourceVersion "1"]
[SourceVersionDate "2008.03.04"]
[SourceQuality "1"]

1. e4 c5 2. c3 d5 3. exd5 Qxd5 4. d4 Nc6 5. Nf3 e5 6. Nbd2 exd4 7. Bc4 Qf5 8. 0-0 Be6 9. Bb5 Bd6 10. cxd4 Nge7 11. Re1 0-0 12. Ne4 Rfd8 13. Bd3 Qd5 14. Nxd6 Qxd6 15. Ng5 Bf5 16. Bxf5 Nxf5 17. Qb3 Qd5 18. dxc5 Qxb3 19. axb3 Nfd4 20. Rb1 Nxb3 21. Be3 Rd5 22. Ne4 f5 23. Nc3 Re5 24. f4 Re7 25. Rbd1 Nb4 26. Nd5 Nxd5 27. Rxd5 Rae8 28. Kf2 Na5 29. Bd2 Nc4 30. Rxe7 Rxe7 31. Bc3 Ne3 32. Rd8+ Kf7 33. h3 Nc4 34. Rd4 Ne3 35. Rd8 Nc4 36. Rd4 Ne3 37. Kf3 Nc2 38. Rd2 Ne3 39. b3 a6 40. Be5 Nf1 41. Rd1 1-0

[Event "Abu Dhabi op 17th"]
[Site "Abu Dhabi"]
[Date "2007.08.19"]
[Round "8"]
[White "Ibrahim, Ismail"]
[Black "Saric, Ante"]
[Result "0-1"]
[WhiteElo "2165"]
[BlackElo "2499"]
[PlyCount "52"]
[EventDate "2007.08.12"]
[EventType "swiss"]
[EventRounds "9"]
[EventCountry "UAE"]
[SourceTitle "CBM 119 Extra"]
[Source "ChessBase"]
[SourceDate "2007.09.04"]
[SourceVersion "1"]
[SourceVersionDate "2007.09.04"]
[SourceQuality "1"]

1. e4 c5 2. c3 Nf6 3. e5 Nd5 4. d4 cxd4 5. Nf3 Nc6 6. Bc4 e6 7. cxd4 d6 8. 0-0 Be7 9. Qe2 0-0 10. a3 Qb6 11. Rd1 Na5 12. Nbd2 Bd7 13. exd6 Bxd6 14. Ne4 Nxc4 15. Qxc4 Rac8 16. Qd3 Ba4 17. Nxd6 Qxd6 18. Re1 Bc2 19. Qe2 Bg6 20. Ne5 Rc2 21. Bd2 Rfc8 22. Rac1 Qb6 23. Qg4 Qxb2 24. Rb1 Qxa3 25. Nxg6 hxg6 26. Rxb7 Qa6 0-1

[Event "Abu Dhabi op 17th"]
[Site "Abu Dhabi"]
[Date "2007.08.14"]
[Round "3"]
[White "Toufighi, Homayoon"]
[Black "Ibrahim, Ismail"]
[Result "1-0"]
[WhiteElo "2391"]
[BlackElo "2165"]
[PlyCount "31"]
[EventDate "2007.08.12"]
[EventType "swiss"]
[EventRounds "9"]
[EventCountry "UAE"]
[SourceTitle "CBM 119 Extra"]
[Source "ChessBase"]
[SourceDate "2007.09.04"]
[SourceVersion "1"]
[SourceVersionDate "2007.09.04"]
[SourceQuality "1"]

1. e4 c5 2. Nf3 Nc6 3. Bb5 g6 4. 0-0 Bg7 5. Re1 e5 6. b4 d6 7. bxc5 dxc5 8. Ba3 Qd6 9. d4 exd4 10. e5 Qe7 11. Bxc6+ bxc6 12. Nbd2 Nh6 13. Ne4 0-0 14. Bxc5 Qc7 15. Bxf8 Kxf8 16. Qxd4 1-0

[Event "CAN-ch Universities"]
[Site "Ottawa"]
[Date "2007.01.14"]
[Round "5"]
[White "Kenney, Jason"]
[Black "Ibrahim, Ismail"]
[Result "1-0"]
[WhiteElo "2190"]
[BlackElo "2018"]
[PlyCount "57"]
[EventDate "2007.01.12"]
[EventType "swiss"]
[EventRounds "5"]
[EventCountry "CAN"]
[SourceTitle "EXT 2022"]
[Source "ChessBase"]
[SourceDate "2021.10.06"]
[SourceVersion "1"]
[SourceVersionDate "2021.10.06"]
[SourceQuality "1"]

1. d4 d5 2. c4 c6 3. Nf3 Nf6 4. Nc3 e6 5. e3 Bb4 6. Bd2 0-0 7. Bd3 dxc4 8. Bxc4 Nbd7 9. 0-0 Qc7 10. Rc1 Qb8 11. a3 Bd6 12. Qe2 e5 13. dxe5 Nxe5 14. Nxe5 Bxe5 15. f4 Bc7 16. h3 b5 17. Bd3 Qb6 18. Kh1 a5 19. e4 g6 20. e5 Nh5 21. Kh2 Ba6 22. Be3 Qb7 23. b4 Rfe8 24. Ne4 Rac8 25. Qf2 Qb8 26. g4 Ng7 27. Nf6+ Kh8 28. Qh4 h5 29. Qg5 1-0

[Event "Abu Dhabi op 16th"]
[Site "Abu Dhabi"]
[Date "2006.08.21"]
[Round "9"]
[White "El Arousy, Abdul Hameed"]
[Black "Ibrahim, Ismail"]
[Result "1/2-1/2"]
[WhiteElo "2352"]
[BlackElo "2133"]
[PlyCount "82"]
[EventDate "2006.08.12"]
[EventType "swiss"]
[EventRounds "9"]
[EventCountry "UAE"]
[SourceTitle "CBM 113 Extra"]
[Source "ChessBase"]
[SourceDate "2006.09.14"]
[SourceVersion "1"]
[SourceVersionDate "2006.09.14"]
[SourceQuality "1"]

1. e4 c5 2. Nf3 Nc6 3. Bb5 g6 4. Bxc6 dxc6 5. d3 Bg7 6. Nc3 Nf6 7. h3 0-0 8. Be3 b6 9. Qd2 Re8 10. 0-0 e5 11. a3 Qd6 12. Rab1 Nh5 13. b4 cxb4 14. axb4 f5 15. Qd1 h6 16. Bd2 Nf4 17. Re1 g5 18. exf5 Bxf5 19. Ne4 Qg6 20. Bc3 Rad8 21. Kh2 Bc8 22. Ng3 e4 23. Bxg7 exf3 24. Be5 fxg2 25. Qf3 g1Q+ 26. Kxg1 Nxh3+ 27. Kh1 Rf8 28. Qh5 Qxh5 29. Nxh5 Rxf2 30. Rf1 Kf7 31. Rxf2+ Nxf2+ 32. Kg2 Ng4 33. Bb8 Ne3+ 34. Kf2 Nxc2 35. Bxa7 Rxd3 36. Bxb6 Bg4 37. Ng3 Rd2+ 38. Kg1 Kg6 39. Rb2 Rd3 40. Kf2 Bd1 41. Ra2 h5 1/2-1/2

[Event "Abu Dhabi op 16th"]
[Site "Abu Dhabi"]
[Date "2006.08.18"]
[Round "6"]
[White "Samhouri, Admah Fawzi"]
[Black "Ibrahim, Ismail"]
[Result "1-0"]
[WhiteElo "2294"]
[BlackElo "2133"]
[PlyCount "65"]
[EventDate "2006.08.12"]
[EventType "swiss"]
[EventRounds "9"]
[EventCountry "UAE"]
[SourceTitle "CBM 113 Extra"]
[Source "ChessBase"]
[SourceDate "2006.09.14"]
[SourceVersion "1"]
[SourceVersionDate "2006.09.14"]
[SourceQuality "1"]

1. e4 c5 2. Nf3 Nc6 3. Bb5 g6 4. Bxc6 dxc6 5. h3 Bg7 6. d3 Nf6 7. Nc3 0-0 8. Be3 b6 9. Qd2 Re8 10. 0-0 e5 11. Bh6 Bh8 12. Nh2 Nh5 13. Ne2 f5 14. exf5 gxf5 15. g4 Ng7 16. Bg5 Qd6 17. Ng3 h6 18. Bh4 Qg6 19. Kh1 fxg4 20. hxg4 Ne6 21. Ne4 Nf4 22. Rg1 Kh7 23. Rg3 Be6 24. g5 Bd5 25. gxh6 Bxe4+ 26. dxe4 Qxe4+ 27. Nf3 Rg8 28. Qd7+ Kxh6 29. Rag1 Rxg3 30. Rxg3 Rg8 31. Rxg8 Qxf3+ 32. Kh2 Bf6 33. Qf5 1-0

[Event "Abu Dhabi op 15th"]
[Site "Abu Dhabi"]
[Date "2005.08.20"]
[Round "6"]
[White "Ibrahim, Ismail"]
[Black "Salem, AR Saleh"]
[Result "0-1"]
[WhiteElo "2082"]
[BlackElo "2044"]
[PlyCount "80"]
[EventDate "2005.08.14"]
[EventType "swiss"]
[EventRounds "9"]
[EventCountry "UAE"]
[SourceTitle "CBM 107 Extra"]
[Source "ChessBase"]
[SourceDate "2005.09.01"]
[SourceVersion "1"]
[SourceVersionDate "2005.09.01"]
[SourceQuality "1"]

1. e4 c6 2. d4 d5 3. exd5 cxd5 4. c4 Nf6 5. Nc3 e6 6. Nf3 Bb4 7. c5 0-0 8. Bd3 Nc6 9. 0-0 b6 10. Qa4 Bxc3 11. Qxc6 Bd7 12. Qd6 Ne8 13. Qg3 Ba5 14. Ne5 bxc5 15. Nxd7 Qxd7 16. dxc5 Rc8 17. Qh4 h6 18. b4 Bd8 19. Qg3 Bf6 20. Rb1 e5 21. Bxh6 e4 22. Ba6 Rd8 23. Bf4 Qc6 24. Be2 d4 25. Bc4 d3 26. Rfc1 Bd4 27. Bb3 Nf6 28. b5 Qc8 29. Be3 Rfe8 30. b6 Bxe3 31. Qxe3 d2 32. Rd1 Rd3 33. Qf4 e3 34. fxe3 Qxc5 35. h3 Rdxe3 36. Kh2 Re1 37. Qc7 Qg1+ 38. Kg3 R8e3+ 39. Kh4 Qf2+ 40. g3 Re4+ 0-1

[Event "Abu Dhabi op 13th"]
[Site "Abu Dhabi"]
[Date "2003.08.23"]
[Round "7"]
[White "Al Huwar, Jasem"]
[Black "Ibrahim, Ismail"]
[Result "1-0"]
[WhiteElo "2318"]
[BlackElo "2052"]
[PlyCount "80"]
[EventDate "2003.08.16"]
[EventType "swiss"]
[EventRounds "9"]
[EventCountry "UAE"]
[SourceTitle "CBM 097"]
[Source "ChessBase"]
[SourceDate "2003.11.11"]
[SourceVersion "1"]
[SourceVersionDate "2003.11.11"]
[SourceQuality "1"]

1. Nf3 Nf6 2. g3 g6 3. b3 Bg7 4. Bb2 c5 5. Bg2 Nc6 6. c4 0-0 7. 0-0 d6 8. d4 cxd4 9. Nxd4 Bd7 10. Nc3 Nxd4 11. Qxd4 Bc6 12. Nd5 Ne8 13. Qd2 Bxb2 14. Qxb2 Ng7 15. Rfd1 Bxd5 16. Rxd5 Rc8 17. Qa3 a6 18. Qb4 Qc7 19. Rad1 Rfd8 20. Bh3 Rb8 21. Qd2 Ne8 22. Qh6 Nf6 23. R5d4 b5 24. Rh4 bxc4 25. Rxc4 Qa5 26. Ra4 Qe5 27. Qd2 Ne4 28. Qd4 Nc3 29. Qxe5 dxe5 30. Rxd8+ Rxd8 31. Rxa6 e4 32. Bf1 Rd1 33. e3 Nb1 34. Kg2 Nd2 35. Ra8+ Kg7 36. Rd8 Rxf1 37. Rxd2 Re1 38. Rb2 f5 39. a4 g5 40. a5 Ra1 1-0

[Event "Abu Dhabi op 13th"]
[Site "Abu Dhabi"]
[Date "2003.08.20"]
[Round "5"]
[White "Knisch, Gabor"]
[Black "Ibrahim, Ismail"]
[Result "0-1"]
[WhiteElo "2099"]
[BlackElo "2052"]
[PlyCount "76"]
[EventDate "2003.08.16"]
[EventType "swiss"]
[EventRounds "9"]
[EventCountry "UAE"]
[SourceTitle "CBM 097"]
[Source "ChessBase"]
[SourceDate "2003.11.11"]
[SourceVersion "1"]
[SourceVersionDate "2003.11.11"]
[SourceQuality "1"]

1. e4 g6 2. d4 Bg7 3. Nc3 c6 4. Nf3 d5 5. exd5 cxd5 6. h3 Nf6 7. Be2 Nc6 8. 0-0 0-0 9. Be3 Ne4 10. Qc1 Re8 11. Rd1 Nxc3 12. bxc3 b6 13. Bh6 Bb7 14. Bxg7 Kxg7 15. Bb5 Rc8 16. Re1 a6 17. Bxc6 Rxc6 18. Re3 Qc7 19. Qe1 Bc8 20. Qd2 Re6 21. Re5 f6 22. Rxe6 Bxe6 23. Rb1 b5 24. Ne1 Qa5 25. Nd3 Qxa2 26. Re1 Bf7 27. Nb4 Qa5 28. Nd3 Qb6 29. f4 a5 30. g4 Qd6 31. Kg2 a4 32. Kf3 a3 33. Nb4 Ra8 34. Qe2 Qc7 35. Qe3 a2 36. Ra1 Ra3 37. Nd3 Qxc3 38. g5 Qxa1 0-1